Normal view
MARC view
- Mujtaba Mehdi | S. M. Zaeem Hasan Kazmi | Zeeshan Mansoor
Entry Personal Name
001 - CONTROL NUMBER
- control field: 5410
003 - CONTROL NUMBER IDENTIFIER
- control field: NUST
005 - DATE AND TIME OF LATEST TRANSACTION
- control field: 20171012170115.0
008 - FIXED-LENGTH DATA ELEMENTS
- fixed length control field: 171012|| aca||aabn | a|a d
040 ## - CATALOGING SOURCE
- Original cataloging agency: NUST
- Transcribing agency: NUST
100 ## - HEADING--PERSONAL NAME
- Personal name: Mujtaba Mehdi | S. M. Zaeem Hasan Kazmi | Zeeshan Mansoor
670 ## - SOURCE DATA FOUND
- Source citation: Work cat.: (NUST): Mujtaba Mehdi | S. M. Zaeem Hasan Kazmi | Zeeshan Mansoor, Wisecure: network awareness application based on adaptive security, 2017
